000 00330nam a2200145Ia 4500
008 230711s9999||||xx |||||||||||||| ||und||
041 _aENG
082 _a720
_bBO-I
100 _aBond,Ruskin
245 0 _aIndian ghost stories
250 _a1st
260 _c1993
_aNew Delhi
_bPenguin Books
650 _aLiterature
942 _cBK
999 _c3226
_d3226